| 000 | 00678nam a2200217 i 4500 | ||
|---|---|---|---|
| 001 | 185764 | ||
| 003 | SpMaBN | ||
| 005 | 20250822063236.0 | ||
| 008 | 160805s1999 sp |||| | spa d | ||
| 020 | _a84-8310-117-3 | ||
| 080 | _a821.134.2-31"19" | ||
| 100 | 1 |
_aBenítez Reyes, Felipe, _d1960- _927647 |
|
| 245 | 1 | 0 |
_aTratándose de ustedes / _cFelipe Benítez Reyes. |
| 250 | _a1ª ed. en Colección Andanzas. | ||
| 260 |
_aBarcelona : _bTusquets, _c1999. |
||
| 300 |
_a190 p. ; _c21 cm. |
||
| 490 | 1 |
_aAndanzas ; _v391 |
|
| 830 | 0 | 0 |
_aColección Andanzas _v391 _9234359 |
| 852 |
_aES-MaACL _jL-30528 _z. - Donat. Miguel A. Velasco |
||
| 999 |
_c185764 _d185764 |
||